| 000 | 00688cab a2200241 4500 | ||
|---|---|---|---|
| 001 | WB3138-57 | ||
| 008 | 090401t1995 xxu||||| |||| 00| 0 eng d | ||
| 035 | _a(Sirsi) u68843 | ||
| 041 | _aeng | ||
| 245 | _aNew maps reveal `secret routes` | ||
| 260 | _c1995 | ||
| 350 | _a0 | ||
| 490 |
_aDaily Telegraph _v10 October 1995, 12(1) |
||
| 520 | _aArgument over an OS symbol indicating public right of way; confusion occurs because extent of access is not indicated. | ||
| 650 | _aMAPS | ||
| 650 | _aORDNANCE SURVEY | ||
| 650 | _aPUBLIC ACCESS | ||
| 650 | _aRIGHTS OF ACCESS | ||
| 650 | _aWHITE ROADS | ||
| 690 | _aMAPPING AND MEASUREMENT | ||
| 942 | _n0 | ||
| 948 | _c04/03/1997 | ||
| 999 |
_c43216 _d43216 |
||